00628nam a22002057a 450000100080000000300080000800500170001600800410003303500210007404000260009504100080012108200290012924500620015826000630022030000240028349000560030750500130036365000310037665000150040785435) BD-RjUL20250804122441.0250804s1961 pk ||||| |||| 00| 0 urd d a(BD-RjUL)85435)  aBD-RjULbengcBD-RjUL aurd 223a954.023092bBHD 1961 a Dhakhirat al-khawanin /cFarid Bhakkari, Syed Moinul Haq a Karachi,:b Pakistan historical Society, Karachi, c 1961 a310 +26 p. ;c23 cm aPakistan Historical Society publication,;v no. 17  aVol.1.-- aBiographiesv Mogul Empire a Biography